| 000 | 00352nam a2200145 4500 | ||
|---|---|---|---|
| 999 |
_c9536 _d9536 |
||
| 003 | OSt | ||
| 005 | 20210702112311.0 | ||
| 008 | 210702b ||||| |||| 00| 0 eng d | ||
| 020 | _a9788190852845 | ||
| 082 |
_a577.015 _bMEG |
||
| 100 | _aMeghal Arya | ||
| 245 | _aSpatial ecology of water | ||
| 260 |
_aAhamedabad India _bAADI Centre _c2019 |
||
| 942 | _2ddc | ||